| 000 | 00439cam a2200181ua 4500 | ||
|---|---|---|---|
| 001 | 535 | ||
| 008 | 110407n ii |||gr||||Z||||||eng | ||
| 040 | _cMAIN | ||
| 082 | _a327.11 | ||
| 245 | 1 |
_aInternational politics _cby Prem Arora |
|
| 250 | _a11th. | ||
| 260 |
_aDelhi: _bCosmos bookhive. |
||
| 300 |
_a374p: _c25cm. |
||
| 653 | _aPolitical science | ||
| 653 | _aInternational politics | ||
| 700 |
_aArora, Prem., _eAuthor. |
||
| 942 | _cBK | ||
| 999 |
_c473 _d473 |
||